000 01927cam a22002774a 4500
001 15901771
003 OSt
005 20210309141144.0
008 090910s2006 ck b i000 0 spa
010 _a 2009480604
020 _a9589771327
040 _aDLC
_cCO-JMCR
043 _as-ck---
050 0 0 _aJS2520.B6
_bF88 2006
082 0 4 _a320.986148 /
_bA346f
_223
110 2 _aColombia. Alcaldía Mayor de Bogotá
_92890
245 0 3 _aEl futuro de la organización institucional de Bogotá.
_cAlcaldía Mayor de Bogotá
260 _aBogotá :
_bEl Malpensante,
_c[2006]
300 _a170 páginas :
_bilustraciones y graficas a blanco y negro ;
_c21 cm.
490 0 _aCuadernos del Informe de Desarrollo Humano para Bogotá ;
_vno. 2
504 _aIncluye referencias bibliográficas.
505 0 _tDescentralización para construir gobernabilidad y democracia desde lo local /
_rJuan Manuel Ospina Restrepo --
_tCinco desafíos de la organización institucional en Bogotá /
_rHernando Gómez Buendía --
_tImplicaciones de la propuesta de reforma administrativa y descentralización presentada por la Administración del alcalde mayor Luis Eduardo Garzón para la estructura de la ciudad de Bogotá, con énfasis en los posibles escenarios que podrían presentarse como resultado de la visión propuesta de descentralización local /
_rRaúl Velásquez --
_tBogotá y retos del nuevo milenio /
_rDavid Luna --
_tBogotá: reforma administrativa y participación ciudadana /
_rEsperanza González,
_rFabio E. Velásquez --
_tBogotá y la sabana deben ser ciudad-región /
_rJaime Castro --
_tUna administración moderna para una ciudad humana /
_rEnrique Borda Villegas --
_tLa descentralización en la reforma administrativa de Bogotá /
_rPaul Bromberg
650 1 4 _aCambio organizacional
_zColombia
_zBogota.
_914606
650 2 4 _aDescentralización en el gobierno
_zColombia
_zBogota.
_914607
942 _2ddc
_cBK
999 _c7507
_d7507